| 000 | 01267cam a22003254a 4500 | ||
|---|---|---|---|
| 001 | 13783225 | ||
| 003 | ARRUPE | ||
| 005 | 20160909110707.0 | ||
| 008 | 041116s2005 nyu b 001 0 eng | ||
| 010 | _a 2004027517 | ||
| 020 | _a0826416136 (pbk.) | ||
| 040 |
_aDLC _cDLC _dDLC |
||
| 042 | _apcc | ||
| 050 | 0 | 0 |
_aBV4625 _b.P34 2005 |
| 082 | 0 | 0 |
_a230/.092/2 _222 |
| 100 | 1 |
_aPaffenroth, Kim, _d1966- _925323 |
|
| 245 | 1 | 4 |
_aThe heart set free : _bsin and redemption in the Gospels, Augustine, Dante, and Flannery O'Connor / _cKim Paffenroth. |
| 260 |
_aNew York : _bContinuum, _cc2005. |
||
| 300 |
_axv, 176 p. ; _c23 cm. |
||
| 504 | _aIncludes bibliographical references (p. 157-168) and index. | ||
| 600 | 0 | 0 |
_aJesus Christ _xTeachings. _911865 |
| 600 | 0 | 0 |
_aAugustine, _cSaint, Bishop of Hippo. _tConfessiones. _925324 |
| 600 | 0 | 0 |
_aDante Alighieri, _d1265-1321. _tDivina commedia. _94255 |
| 600 | 1 | 0 |
_aO'Connor, Flannery _xReligion. _925325 |
| 650 | 0 |
_aSin _xChristianity. _925326 |
|
| 650 | 0 |
_aChristian life _xCatholic authors. _925327 |
|
| 906 |
_a7 _bcbc _corignew _d1 _eecip _f20 _gy-gencatlg |
||
| 942 |
_2lcc _cMONOGRAPH |
||
| 999 |
_c125083 _d125083 |
||